| 000 | 00511nam a2200157Ia 4500 | ||
|---|---|---|---|
| 008 | 220216s9999 xx 000 0 und d | ||
| 100 | _aSethuraj M.R. | ||
| 245 | 0 | _aCertain physiological parameters to determine the high yielding characteristics in rubber | |
| 260 |
_bIRRDB Scientific Symposium, Part I, 26-28 September 1974, Cochin, India. _c1974 |
||
| 650 | _aPhysiological parameter | ||
| 650 | _aYield | ||
| 700 | _aGeorge P.J. | ||
| 700 | _aMarattukalam J.G. | ||
| 700 | _aMarkose V.C. | ||
| 942 | _cBS | ||
| 999 |
_c50593 _d50593 |
||